| 000 | 00975nam a2200289 i 4500 | ||
|---|---|---|---|
| 003 | EG-ScBUE | ||
| 005 | 20240522085129.0 | ||
| 008 | 151129s1998 ua f f000 0 eng d | ||
| 020 | _a9775552060 | ||
| 040 |
_aEG-ScBUE _beng _erda _cEG-ScBUE _dEG-ScBUE |
||
| 043 | _af-ua--- | ||
| 082 | 0 | 4 |
_a956.048 _bEGY _222 |
| 110 | 1 |
_aEgypt. _bMinistry of Defence _c(Cairo : _d3-5, 1998) |
|
| 245 | 1 | 4 |
_aStrategic symposium : _bthe October war 25 years on, 3-5 1998 / _cMinistry of Defence. |
| 264 | 1 |
_aCairo : _bMinistry of Defence, _c1998. |
|
| 300 |
_a396 pages ; _c24 cm |
||
| 336 |
_2rdacontent _atext _btxt |
||
| 337 |
_aunmediated _2rdamedia _bn |
||
| 338 |
_avolume _bnc _2rdacarrier |
||
| 650 | 7 |
_aArmies _zEgypt _xHistory. _2BUEsh |
|
| 650 | 7 |
_aIsrael-Arab War (1973) _2BUEsh _920860 |
|
| 651 | 0 |
_aEgypt _xHistory, Military. _2BUEsh |
|
| 653 |
_bBUSBOL _bGGEN _cMarch2018 |
||
| 655 | _vReading book | ||
| 942 |
_2ddc _cBB |
||
| 999 |
_c26361 _d26333 |
||